| 000 | 00974nam a2200253 4500 | ||
|---|---|---|---|
| 001 | 78476 | ||
| 003 | BD-RjUL | ||
| 005 | 20211209083132.0 | ||
| 008 | 210927s 1971i ||||| |||| 00| 0 ben d | ||
| 020 | _c: IRs. 15.00 | ||
| 035 | _a(BD-RjUL)78702 | ||
| 040 |
_aBD-RjUL _beng _cBD-RjUL |
||
| 041 | _aeng | ||
| 082 |
_223 _a954.92 _bRAK 1971 |
||
| 245 | 0 | 0 |
_aরক্তাক্ত বাংলা / _cসংকলন: মুক্তধারা |
| 250 | _a১ম প্রকাশ | ||
| 260 |
_aকলিকাতা: _bমুক্তধারা, _c১৯৭১ |
||
| 300 |
_a[১০], ৪২২, ২৬ পৃ. : _bচিত্র; _c২১ সেমি. |
||
| 500 | _a"মুজিবনগরে প্রথম প্রকাশ: আগষ্ট ১৯৭১ " | ||
| 651 |
_aবাংলাদেশ _xইতিহাস _9248501 |
||
| 651 |
_aBangladesh _xHistory _9248502 |
||
| 710 |
_aমুক্তধারা, সংকলক _9248503 |
||
| 942 |
_2ddc _cRAR |
||
| 999 |
_c78476 _d78476 |
||